[Event "BRA-ch Amateur U1600"]
[Site "Sao Paulo"]
[Date "2018.06.02"]
[Round "6"]
[White "Paiva, Sergio Henrique Mei"]
[Black "Alves, Diego Luis"]
[Result "0-1"]
[WhiteElo "1516"]
[BlackElo "1398"]
[PlyCount "116"]
[EventDate "2018.05.31"]
[EventType "swiss"]
[EventRounds "7"]
[EventCountry "BRA"]
[SourceTitle "EXT 2021"]
[Source "ChessBase"]
[SourceDate "2020.10.23"]
[SourceVersion "1"]
[SourceVersionDate "2020.10.23"]
[SourceQuality "1"]

1. e4 e6 2. d4 d5 3. Nc3 Bb4 4. e5 b6 5. Nf3 Qd7 6. Bd2 Ba6 7. Bxa6 Nxa6 8. Qe2 Nb8 9. 0-0 Ne7 10. Qd3 c5 11. a3 Bxc3 12. Bxc3 Nbc6 13. h4 cxd4 14. Bxd4 Nxd4 15. Qxd4 h6 16. Rad1 Rc8 17. Rd2 Rc4 18. Qxc4 dxc4 19. Rxd7 Kxd7 20. Rd1+ Kc7 21. g3 Rd8 22. Rxd8 Kxd8 23. Nd4 a6 24. Kf1 Kd7 25. Ke2 Nc6 26. Nxc6 Kxc6 27. Ke3 Kd5 28. f4 h5 29. a4 g6 30. c3 b5 31. a5 Kc5 32. Ke4 b4 33. cxb4+ Kxb4 34. Kd4 Kb5 35. Kc3 Kc5 36. b3 cxb3 37. Kxb3 Kb5 38. Kc3 Kxa5 39. Kc4 Kb6 40. Kb4 a5+ 41. Kc4 Kc6 42. Kb3 Kb5 43. Ka3 a4 44. Kb2 Kc5 45. Kc3 a3 46. Kb3 Kd4 47. Kxa3 Ke3 48. Kb4 Kf3 49. Kc5 Kxg3 50. Kd6 Kxf4 51. Ke7 Kxe5 52. Kxf7 Kf5 53. Kg7 e5 54. Kh7 e4 55. Kg7 e3 56. Kh7 e2 57. Kg7 e1Q 58. Kh7 Qxh4 0-1

[Event "BRA-ch Amateur U1600"]
[Site "Sao Paulo"]
[Date "2018.06.01"]
[Round "3"]
[White "Alves, Diego Luis"]
[Black "Souza, Neurismar da Rocha"]
[Result "1/2-1/2"]
[WhiteElo "1398"]
[BlackElo "1598"]
[PlyCount "144"]
[EventDate "2018.05.31"]
[EventType "swiss"]
[EventRounds "7"]
[EventCountry "BRA"]
[SourceTitle "EXT 2021"]
[Source "ChessBase"]
[SourceDate "2020.10.23"]
[SourceVersion "1"]
[SourceVersionDate "2020.10.23"]
[SourceQuality "1"]

1. e4 e5 2. Nf3 Nc6 3. Bb5 a6 4. Ba4 Nf6 5. 0-0 Bc5 6. d3 d6 7. c3 b5 8. Bb3 h6 9. h3 0-0 10. Re1 Be6 11. Nbd2 Qd7 12. Nf1 Bxb3 13. axb3 Rfe8 14. b4 Bb6 15. Be3 Bxe3 16. Rxe3 d5 17. Ng3 d4 18. Re2 g6 19. Qc2 Qd6 20. Nd2 Red8 21. Nb3 dxc3 22. bxc3 Qxd3 23. Nc5 Qxc2 24. Rxc2 Nb8 25. Rca2 Rd6 26. Ra5 Rb6 27. Ne2 Nfd7 28. f3 Nxc5 29. bxc5 Rb7 30. Kf2 c6 31. Ke3 Rd7 32. Ng3 Raa7 33. f4 exf4+ 34. Kxf4 Rd3 35. R5a3 Rad7 36. Nf1 Re7 37. Ne3 f6 38. Nc2 Rd2 39. Nb4 Re2 40. Nxa6 R2xe4+ 41. Kf3 Nxa6 42. Rxa6 Re3+ 43. Kf2 Rxc3 44. Rxc6 Kf7 45. Raa6 f5 46. Rab6 Rc2+ 47. Kf1 Rd7 48. Ke1 Ke7 49. Rxb5 Rxg2 50. Rcb6 Ra7 51. Kf1 Rh2 52. Kg1 Rc2 53. Rb7+ Rxb7 54. Rxb7+ Kd8 55. Rg7 g5 56. Rh7 Rxc5 57. Rxh6 Ke7 58. Kg2 Kf7 59. Kf3 Rc3+ 60. Kg2 Kg7 61. Rb6 Rc4 62. Kf3 g4+ 63. hxg4 Rxg4 64. Ke3 Rg1 65. Kf4 Rf1+ 66. Ke3 Kf7 67. Ke2 Rc1 68. Kf3 Rc4 69. Kf2 Re4 70. Kf3 Re6 71. Rxe6 Kxe6 72. Kf4 Kf6 1/2-1/2